MTA Railroad rolling stock - Statistics

General Stats
  • This quiz has been taken 9 times
  • The average score is 10 of 16
Answer Stats
Picture Hint Answer % Correct
400-422 DE30AC
80%
500-522 DM30AC
80%
9771-9890, 9893-9946 M3
80%
8000-8141 M3A
80%
7001-7836 M7
80%
4001-4336 M7A
80%
9001-9202 M9
80%
4001-4089, 5000-5023 C3
60%
6700-6714, 6750-6799 Comet V/5
60%
Married Pairs: 9100-9459, 9600-9623, 9700-9738 - Single Units: 9460-9476, 9500–9519, 9560, 9562, 9564, 9566, 9568, 9570, 9572, 9574, 9576, 9578, 9580, 9582, 9584, 9586, 9588, 9590 M8
60%
201-231 P32AC-DM
60%
6101-6109, 6111-6119, 6150-6166, 6201-6209, 6250-6258, 6161-6278 Shoreliner 1/2/I/II
60%
6125-6149 Comet IIA/IIB
40%
4907-4914 F40PH-3C
40%
4900-4906 GP40FH-3C
40%
6221-6222, 6280-6288, 6301-6398 Shoreliner III/IV/3/4
40%
No matching quizzes found
Score Distribution
Percent of People with Each Score
Percentile by Number Answered
Your Score History
You have not taken this quiz